00956nac a22002291u 4500010001300000020002800013020001500041082001800056090001300074100003400087245012900121260004400250300003400294500002000328650002200348650003000370700002000400942002000420999001300440952014400453952012900597 a97020862 a0201175193 (alk. paper) a817808387600a005.74bA5321 c576d576 aAnahory, Sam. 10aData warehousing in the real world :ba practical guide for building decision support systems /cSam Anahory, Dennis Murray. aNew Delhi :bPearson Education,cc2003. axiv, 352 p. :bill. ;c25 cm. aIncludes index. 0aData warehousing. 0aDecision support systems.1 aMurray, Dennis. cBBk005.74A5321 c576d576 00102ddc40708 aMAINbMAINcLOWd2006-07-18epurchaseg286.00l2m4o005.74 ANAp000004038r2025-07-15 00:00:00s2010-11-08v357.50yBB 00102ddc40708 aMAINbMAINcLOWd2006-07-18epurchaseg286.00l0o005.74 ANAp000004039r2025-07-15 00:00:00v357.50yBB